Flags of Unrecognized States - Statistics

General Stats
  • This quiz has been taken 3,345 times
  • The average score is 8 of 11
Answer Stats
Picture Hint Answer % Correct
A landlocked partially recognized state and disputed territory in Southeastern Europe. Kosovo
97%
China consistently claims sovereignty over this Southeast Asian state. Taiwan
97%
This self-declared state was once known as Spanish Sahara. Western Sahara
88%
A self-declared state, internationally considered to be an autonomous region of Somalia. Somaliland
86%
A de facto state that comprises the Northeastern portion of the island of Cyprus. Northern Cyprus
82%
A primarily unrecognized state that split off from Moldova after the dissolution of the USSR. Transnistria
74%
A disputed territory in the South Caucasus, in the northern part of the internationally recognized Georgian territory. South Ossetia
73%
A partially recognized republic on the eastern coast of the Black Sea. Abkhazia
72%
A declared people's republic and proto-state in the Donetsk Oblast of Ukraine. Donetsk People's Republic
62%
A breakaway state in the South Caucasus that is internationally recognized as part of Azerbaijan. Artsakh
55%
A landlocked proto-state in the Donbass region, in eastern Ukraine. Luhansk People's Republic
53%
No matching quizzes found
Score Distribution
Percent of People with Each Score
Percentile by Number Answered
Your Score History
You have not taken this quiz